| 000 | 00424nam a22001697a 4500 | ||
|---|---|---|---|
| 003 | MPLRDC | ||
| 005 | 20220104123505.0 | ||
| 008 | 210129b ||||| |||| 00| 0 eng d | ||
| 082 | _a427.11 LJC | ||
| 100 | _a刘建成、杨镜吾、胡廉泉著 | ||
| 245 |
_a大众川菜 _c |
||
| 250 | _a一版三刷 | ||
| 260 |
_a _b四川人民出版社 _c1980 |
||
| 300 | _b平 | ||
| 650 | _a中菜食谱 | ||
| 942 |
_cBK _o427.11 LJC |
||
| 999 |
_c11838 _d11828 |
||